| Tag |
First Indicator |
Second Indicator |
Subfields |
| LEADER |
00000cam a2200000 4500 |
| 001 |
in00000463558 |
| 005 |
20151012163616.0 |
| 008 |
721204c19731919nyua 00100 eng |
| 010 |
|
|
|a 74153276
|
| 020 |
|
|
|a 0804617368
|
| 035 |
|
|
|a (OCoLC)00525251
|
| 035 |
|
|
|9 ABZ6656AM
|
| 040 |
|
|
|a DLC
|c DLC
|d TXA
|d UtOrBLW
|
| 049 |
|
|
|a TXAM
|c [973130]
|
| 050 |
0 |
0 |
|a PN3448.P3
|b M3 1973
|
| 082 |
0 |
|
|a 809.3/9/32
|
| 100 |
1 |
|
|a Maurice, Arthur Bartlett,
|d 1873-1946.
|
| 245 |
1 |
4 |
|a The Paris of the novelists.
|
| 264 |
|
1 |
|a Port Washington, N.Y. :
|b Kennikat Press,
|c [1973]
|
| 264 |
|
4 |
|c [©1919]
|
| 300 |
|
|
|a xxii, 299 pages :
|b illustrations ;
|c 21 cm.
|
| 336 |
|
|
|a text
|b txt
|2 rdacontent
|
| 337 |
|
|
|a unmediated
|b n
|2 rdamedia
|
| 338 |
|
|
|a volume
|b nc
|2 rdacarrier
|
| 650 |
|
0 |
|a Paris in literature.
|
| 650 |
|
0 |
|a France in literature.
|
| 650 |
|
0 |
|a Fiction
|y 19th century
|x History and criticism.
|
| 999 |
|
|
|a MARS
|
| 999 |
f |
f |
|s 1fa9af4b-b3cc-39ca-ae66-32229ac4c9d0
|i 625e724d-2428-3849-b3bf-2ab49816d262
|t 0
|
| 952 |
f |
f |
|p ric
|a Texas A&M University
|b Rellis Campus
|c Joint Library Facility
|d Remote Storage
|t 0
|e PN3448.P3 M3 1973
|h Library of Congress classification
|i unmediated -- volume
|m A14803715952
|
| 998 |
f |
f |
|a PN3448.P3 M3 1973
|t 0
|l Remote Storage
|